Lepší role už nedostaneme /

Hlavní autor: Holub, Miroslav, 1923-1998
Další autoři: Merta, Vladimír, 1946-, Štvrtecká, Jana, 1971-, Bláha, Radek, 1971-, Kovářík, Miroslav, 1934-2020
Jazyk: Čeština
Vydáno: Brumovice : Carpe diem, 2000
Vydání: Vyd. 1.
Edice: Edice klubové poezie
Témata:
Fyzický popis: 55 s. : il. ; 13 x 14 cm + 1 CD.
Knihy
Uloženo v:
LEADER 01424nam a2200373 a 4500
001 000543302
003 CZ BrMZK
005 20071024110212.0
007 ta
008 000115s2000 xr g p cze d
015 |a cnb000887377 
020 |a 80-86362-12-4 
035 |a (OCoLC)50343533 
040 |a BOA001  |b cze 
072 7 |a 821.162.3-1  |x Česká poezie  |2 Konspekt  |9 25 
080 |a 821.162.3-1  |2 MRF 
080 |a (0:82-1)  |2 MRF 
100 1 |a Holub, Miroslav,  |d 1923-1998  |7 jk01041818 
245 1 0 |a Lepší role už nedostaneme /  |c Miroslav Holub ; Vladimír Merta (kytara, zpěv), Miroslav Kovářík, Radek Bláha, Jana Štvrtecká a členové divadla poezie Regina Břeclav (mluvené slovo ) : Live & Studio (1983-1999) 
250 |a Vyd. 1. 
260 |a Brumovice :  |b Carpe diem,  |c 2000 
300 |a 55 s. :  |b il. ;  |c 13 x 14 cm +  |e 1 CD. 
490 1 |a Edice klubové poezie ;  |v sv. 3 
500 |a Diskogr. 
500 |a Seznam nahrávek a písní 
655 7 |a česká poezie  |7 fd133958  |2 czenas 
700 1 |a Merta, Vladimír,  |d 1946-  |7 jk01081302 
700 1 |a Štvrtecká, Jana,  |d 1971-  |7 jo20010086972 
700 1 |a Bláha, Radek,  |d 1971-  |7 jo20010086973 
700 1 |a Kovářík, Miroslav,  |d 1934-2020  |7 jn20000710305 
830 0 |a Edice klubové poezie  |0 s 
910 |a BOA001  |b 1-1080.115 
990 |a BK 
996 6 |b 2610126225  |c 1-1080.115  |l MZK  |r Sklad / do 1 hodiny  |n 6  |p p.v.  |w 000543302  |u 000010  |a 1  |e BOA001  |j MZK50  |s P